000 00789 a2200229 4500
003 OSt
005 20230807151010.0
008 220811s2013 SP a||||r|||| 00| 0 spa d
020 _a9788415848448
040 _cCHAP
082 0 0 _a636.083
_bB46
_222
100 1 _aBenítez Luque, Ana
_9186714
245 1 0 _aOperaciones auxiliares en el cuidado, transporte y manejo de animales /
_cpor Ana Benítez Luque.
264 1 _aAntequera, Málaga :
_bIC Editorial,
_c2013.
300 _a383 páginas.
_bilustraciones.
504 _aIncluye bibliografía.
650 4 _9141241
_aAnimales
_xMejoramiento
650 4 _9146597
_aEquipamiento para cuidado de animales
650 4 _9142268
_aAlimentación de los animales
650 4 _9143220
_aAlojamiento de animales
_xManuales
942 _2ddc
_cLIBRO
999 _c217473
_d217473